000
00215 a2200097 4500
001
43448
100
_a
Shakspeare
245
_a
The Merchent of Venice
260
_a
London
_b
Ginn & Co. Ltd
_c
090
_c
27270
_d
27270
942
_a
NUST-CAE
_c
M
_c
19192
999
_c
278521
_d
278521